|
|
|
|
| LEADER |
00000nam a2200000Ii 4500 |
| 001 |
DIGUNIMAG0116 |
| 003 |
NyNyDIG |
| 007 |
cr ||||||||||| |
| 008 |
221120s2021 ck ob 000 0 spa d |
| 006 |
m o d |
| 035 |
|
|
|a (OCoLC)1352725485
|
| 040 |
|
|
|a DGITA
|b eng
|e rda
|e pn
|c DGITA
|
| 020 |
|
|
|a 9789587464085
|q eBook
|q ePub
|
| 020 |
|
|
|a 9789587464078
|q eBook
|q pdf
|
| 020 |
|
|
|z 9789587464061
|
| 043 |
|
|
|a s-ck---
|
| 050 |
1 |
4 |
|a QK881 ebook
|
| 100 |
1 |
|
|a Macías Villamizar, Víctor,
|e author.
|
| 245 |
1 |
0 |
|a Metabolitos secundarios, actividad biológica y etnobotánica de plantas de Santa Marta /
|c Víctor Macías-Villamizar, Roxanna Badran-Padilla, Jessica Rodríguez-Ochoa, Heber Silva-Roman.
|
| 264 |
|
1 |
|a Santa Marta D.T.C.H., Colombia :
|b Editorial Unimagdalena,
|c [2021]
|
| 300 |
|
|
|a 1 online resource :
|b illustrations.
|
| 336 |
|
|
|a text
|b txt
|2 rdacontent
|
| 337 |
|
|
|a computer
|b c
|2 rdamedia
|
| 338 |
|
|
|a online resource
|b cr
|2 rdacarrier
|
| 347 |
|
|
|a text file
|2 rdaft
|
| 347 |
|
|
|b EPUB
|
| 490 |
1 |
|
|a Colección Ciencias Naturales.
|a Serie Biología
|
| 504 |
|
|
|a Includes bibliographical references.
|
| 588 |
0 |
|
|a Online resource; title from ePub title page (Digitalia, viewed November 20, 2022)
|
| 650 |
|
0 |
|a Plants
|x Metabolism
|z Santa Marta (Colombia)
|
| 655 |
|
0 |
|a Electronic books.
|
| 700 |
1 |
|
|a Badran-Padilla, Roxanna,
|e author.
|
| 700 |
1 |
|
|a Rodríguez-Ochoa, Jessica,
|e author.
|
| 700 |
1 |
|
|a Silva-Roman, Heber.
|e author.
|
| 791 |
2 |
|
|a Digitalia (Firm),
|e distributor.
|
| 793 |
0 |
|
|g Digitalia eBook Collection:
|a Ediciones Unimagdalena
|
| 776 |
0 |
8 |
|i Print version:
|t Metabolitos secundarios, actividad biológica y etnobotánica de plantas de Santa Marta.
|b Primera edición.
|d Santa Marta D.T.C.H., Colombia : Editorial Unimagdalena, [2021]
|z 9789587464061
|
| 830 |
|
0 |
|a Colección Ciencias naturales (Editorial Unimagdalena).
|p Serie Biología.
|
| 856 |
4 |
0 |
|3 Digitalia Hispánica
|u https://www.digitaliapublishing.com/a/111937/
|
| 910 |
|
|
|a Premium collection: 2022
|